| 000 | 00508nam a2200169Ia 4500 | ||
|---|---|---|---|
| 008 | 240729s9999 xx 000 0 und d | ||
| 022 | _a2694-085X | ||
| 245 | 0 | _aIEEE Open Journal of Control Systems | |
| 260 | _aUnited States | ||
| 260 | _bIEEE | ||
| 650 | _a Control engineering systems. Automatic machinery (General) | ||
| 650 | _a Mechanical engineering and machinery | ||
| 650 | _aTechnology | ||
| 856 | _uhttps://doaj.org/toc/3cc16cc7b0f94ae2b7e68d72da2d3876 | ||
| 942 | _2ddc | ||
| 942 | _cDOAJEJ | ||
| 999 |
_c73728 _d73728 |
||
| 945 |
_a1 _bMadushi Gamage _c1 _dMadushi Gamage |
||